Design thinking for Dummies (Record no. 36237)
[ view plain ]
| 000 -LEADER | |
|---|---|
| fixed length control field | 00401nam a22001577a 4500 |
| 003 - CONTROL NUMBER IDENTIFIER | |
| control field | OSt |
| 005 - DATE AND TIME OF LATEST TRANSACTION | |
| control field | 20250811152456.0 |
| 007 - PHYSICAL DESCRIPTION FIXED FIELD--GENERAL INFORMATION | |
| fixed length control field | 290 PAGES |
| 008 - FIXED-LENGTH DATA ELEMENTS--GENERAL INFORMATION | |
| fixed length control field | 250811b |||||||| |||| 00| 0 eng d |
| 020 ## - INTERNATIONAL STANDARD BOOK NUMBER | |
| International Standard Book Number | 9788126520688 |
| 040 ## - CATALOGING SOURCE | |
| Transcribing agency | |
| 082 ## - DEWEY DECIMAL CLASSIFICATION NUMBER | |
| Classification number | 658.4063 |
| Item number | MUL |
| 245 ## - TITLE STATEMENT | |
| Title | Design thinking for Dummies |
| Statement of responsibility, etc. | Muller-Roterberg Christian |
| 260 ## - PUBLICATION, DISTRIBUTION, ETC. | |
| Name of publisher, distributor, etc. | Wiley india |
| Date of publication, distribution, etc. | 2024 |
| 942 ## - ADDED ENTRY ELEMENTS (KOHA) | |
| Source of classification or shelving scheme | Dewey Decimal Classification |
| Koha item type | BOOK |
| Call number prefix | 658.4063 |
| Call number suffix | MUL |
| Suppress in OPAC | No |
| Withdrawn status | Lost status | Source of classification or shelving scheme | Damaged status | Not for loan | Collection | Home library | Current library | Date acquired | Cost, normal purchase price | Inventory number | Total Checkouts | Full call number | Barcode | Date last seen | Price effective from | Koha item type | Date due | Date last checked out |
|---|---|---|---|---|---|---|---|---|---|---|---|---|---|---|---|---|---|---|
| Dewey Decimal Classification | MECHANICAL | Fr. Agnel's C.Rodrigues College of Engineering | Fr. Agnel's C.Rodrigues College of Engineering | 11/08/2025 | 849.00 | AO/25/07/282 dt 30/07/2025 | 658.4063/MUL | 26748 | 11/08/2025 | 11/08/2025 | BOOK | |||||||
| Dewey Decimal Classification | MECHANICAL | Fr. Agnel's C.Rodrigues College of Engineering | Fr. Agnel's C.Rodrigues College of Engineering | 11/08/2025 | 849.00 | AO/25/07/282 dt 30/07/2025 | 1 | 658.4063/MUL | 26749 | 19/09/2025 | 11/08/2025 | BOOK | 18/12/2025 | 19/09/2025 |